00647 2200241 4500001002100000005001700021008004100038020001800079035002500097041000800122043001300130082001000143090002000153100001600173245004400189250001000233260005100243300003600294504003100330650001000361850001200371990002200383YOGYA-0711000000034220150703075147.0 ind  a979-420-726-8 a0010-071100000000342 aInd aYOPD DIY a636.5 aDEP 636.5 Tri T aTRI YUWANTA aTelur dan kualitas telurc/ Tri Yuwanta aCet 1 aYogyakartabGadjah Mada University Pressc2010 axvi, 184 hlm. :bilus. ;c21 cm aBibliografi : hlm. 162-171 aTelur aYOPDYOG aCB-D.11-2010-1915